| 000 | 01077cam a22003255i 4500 | ||
|---|---|---|---|
| 999 |
_c27118 _d27090 |
||
| 001 | 015724112 | ||
| 003 | Uk | ||
| 005 | 20190213102614.0 | ||
| 008 | 101220s2001 nyua fr 001 0 eng|d | ||
| 015 |
_aGBB103879 _2bnb |
||
| 016 | 7 |
_a015724112 _2Uk |
|
| 020 | _a9783540416074 | ||
| 020 | _a3540416072 | ||
| 040 |
_aStDuBDS _beng _cStDuBDS _dUk _dEG-ScBUE |
||
| 082 | 0 | 4 |
_a532.05 _222 _bLOM |
| 100 | 1 | _aLomax, Harvard. | |
| 245 | 1 | 0 |
_aFundamentals of computational fluid dynamics / _cH. Lomax, Thomas H. Pulliam, David W. Zingg. |
| 264 | 1 |
_aNew York : _bSpringer-Verlage Berlin Heidelberg, _cc.2001. |
|
| 300 |
_axiv, 249 pages : _billustrations ; _c24 cm. |
||
| 336 |
_atext _2rdacontent |
||
| 337 |
_aunmediated _2rdamedia |
||
| 338 |
_avolume _2rdacarrier |
||
| 490 | 0 |
_aScientific computation _x1434-8322 |
|
| 650 | 7 |
_aComputational fluid dynamics. _2BUEsh _934924 |
|
| 650 | 7 |
_aHydraulic engineering. _2BUEsh _99295 |
|
| 653 |
_bENGMEC _cFebruary2019 |
||
| 700 | 1 |
_aPulliam, T. H. _q(Thomas H.), _d1951- |
|
| 700 | 1 |
_aZingg, D. W. _q(David W.), _d1958- |
|
| 942 |
_2ddc _cBB |
||